[Event "Maritime Chess Festival op"]
[Site "Summerside CAN"]
[Date "2022.10.10"]
[Round "5"]
[White "Zhang, Brian"]
[Black "Martinovsky, Ian"]
[Result "0-1"]
[WhiteElo "1579"]
[BlackElo "2108"]
[PlyCount "163"]
[EventDate "2022.10.08"]
[EventType "swiss"]
[EventRounds "6"]
[EventCountry "CAN"]

1. e4 g6 2. d4 Bg7 3. Nc3 d6 4. f4 a6 5. Nf3 b5 6. Bd3 Nd7 7. e5 c5 8. Ne4 c4
9. Be2 d5 10. Nf2 Nf8 11. b4 Nh6 12. c3 Ng4 13. Nxg4 Bxg4 14. a4 Ne6 15. Be3
O-O 16. O-O a5 17. Qb1 Bf5 18. Qb2 axb4 19. Qxb4 bxa4 20. Rxa4 Rb8 21. Qa3 Rb3
22. Qa1 Qb8 23. Nd2 Rb2 24. Qa3 Nc7 25. Ra1 Rb7 26. Bd1 Rc8 27. Qc1 Bf8 28. Bc2
Bxc2 29. Qxc2 e6 30. R4a2 Nb5 31. Nb1 Rb6 32. Bc1 Qb7 33. Na3 Nc7 34. Rb1 Rb3
35. Rba1 Rb8 36. h3 Be7 37. Kh2 h5 38. Qd2 h4 39. Kh1 Qc6 40. Qc2 Ne8 41. Nb1
Ng7 42. Nd2 R3b7 43. Ra6 Qc7 44. Kh2 Nf5 45. Nf1 Bf8 46. Ra8 Qb6 47. Rxb8 Rxb8
48. g4 hxg3+ 49. Nxg3 Qb3 50. Ra2 Nh4 51. Kg1 Bh6 52. Kf2 Qb1 53. Rb2 Rxb2 54.
Qxb2 Qxb2+ 55. Bxb2 Bxf4 56. Ne2 Bd2 57. Bc1 Bxc1 58. Nxc1 Nf5 59. Ne2 Kh7 60.
Nf4 Kh6 61. Kf3 g5 62. Ne2 Kg6 63. Kg4 Ne3+ 64. Kf3 Nd1 65. Kg3 Kh5 66. Kf3 Kh4
67. Kg2 g4 68. hxg4 Kxg4 69. Kf1 Kf3 70. Ke1 Nf2 71. Nc1 Ne4 72. Na2 Ke3 73.
Kd1 Kd3 74. Nb4+ Kxc3 75. Nc6 Kd3 76. Kc1 c3 77. Kd1 Ng5 78. Kc1 Nf3 79. Nd8
Nxd4 80. Nxf7 Ne2+ 81. Kd1 c2+ 82. Ke1 0-1

[Event "Maritime Chess Festival op"]
[Site "Summerside CAN"]
[Date "2022.10.10"]
[Round "6"]
[White "Heran-Boily, Samuel"]
[Black "Manley, Jason"]
[Result "1/2-1/2"]
[WhiteElo "1877"]
[BlackElo "2076"]
[PlyCount "63"]
[EventDate "2022.10.08"]
[EventType "swiss"]
[EventRounds "6"]
[EventCountry "CAN"]

1. e4 e6 2. d4 d5 3. Nd2 Nf6 4. e5 Nfd7 5. Bd3 c5 6. c3 Nc6 7. Ne2 Qb6 8. Nf3
cxd4 9. cxd4 f6 10. exf6 Nxf6 11. O-O Bd6 12. Re1 O-O 13. Bf4 Bb4 14. Bd2 Bd7
15. a3 Bd6 16. Bf4 Qc7 17. g3 Rae8 18. Rc1 Qb8 19. Bxd6 Qxd6 20. Nf4 e5 21.
dxe5 Nxe5 22. Nxe5 Rxe5 23. Qb3 Bc6 24. Bf1 Rfe8 25. Rxe5 Qxe5 26. Bg2 Qd4 27.
Rd1 Ba4 28. Bxd5+ Nxd5 29. Rxd4 Bxb3 30. Nxd5 Re1+ 31. Kg2 Re2 32. Nc3 1/2-1/2

[Event "Maritime Chess Festival op"]
[Site "Summerside CAN"]
[Date "2022.10.10"]
[Round "6"]
[White "Martinovsky, Ian"]
[Black "Moreno Herrera, Rodrigo"]
[Result "1/2-1/2"]
[WhiteElo "2108"]
[BlackElo "1641"]
[PlyCount "29"]
[EventDate "2022.10.08"]
[EventType "swiss"]
[EventRounds "6"]
[EventCountry "CAN"]

1. Nf3 Nf6 2. c4 c6 3. g3 d5 4. Bg2 dxc4 5. a4 Bf5 6. Na3 Qd5 7. Nh4 Be4 8. f3
Bg6 9. e4 Qc5 10. Qe2 e5 11. Qxc4 Na6 12. Qxc5 Bxc5 13. Nc2 O-O-O 14. Bf1 Nc7
15. Bc4 1/2-1/2

[Event "Mayflower op"]
[Site "Halifax CAN"]
[Date "2022.07.29"]
[Round "1"]
[White "Hambleton, Aman"]
[Black "Mayo, Andrew"]
[Result "1-0"]
[WhiteElo "2523"]
[BlackElo "1427"]
[PlyCount "43"]
[EventDate "2022.07.29"]
[EventType "swiss"]
[EventRounds "6"]
[EventCountry "CAN"]

1. d4 Nf6 2. c4 e6 3. Nc3 Bb4 4. Qc2 O-O 5. Nf3 d5 6. cxd5 exd5 7. Bg5 Re8 8.
e3 b6 9. Bd3 g6 10. O-O Bb7 11. Nb5 c5 12. Bxf6 Qxf6 13. Nc7 Rc8 14. Nxa8 cxd4
15. Qa4 Nc6 16. Bb5 Bd6 17. Bxc6 Bxc6 18. Qxd4 Qe7 19. Rac1 Bc5 20. Qe5 Bxa8
21. Qxe7 Bxe7 22. Rxc8+ 1-0

[Event "Mayflower op"]
[Site "Halifax CAN"]
[Date "2022.07.29"]
[Round "1"]
[White "MacRitchie, Josh"]
[Black "Rozentalis, Eduardas"]
[Result "0-1"]
[WhiteElo "1431"]
[BlackElo "2608"]
[PlyCount "54"]
[EventDate "2022.07.29"]
[EventType "swiss"]
[EventRounds "6"]
[EventCountry "CAN"]

1. e4 e6 2. d4 d5 3. e5 c5 4. c3 Qb6 5. Nf3 Bd7 6. Be2 cxd4 7. cxd4 Bb5 8. O-O
Bxe2 9. Qxe2 Nc6 10. Be3 Nge7 11. a3 Nf5 12. Rd1 Be7 13. b4 O-O 14. Nc3 f6 15.
Na4 Qd8 16. Rac1 fxe5 17. Nxe5 Nxe5 18. dxe5 Nxe3 19. Qxe3 Bg5 20. Qh3 Bxc1 21.
Qxe6+ Kh8 22. Rxc1 Qg5 23. Re1 Qd2 24. Rf1 b6 25. Qh3 Rac8 26. f4 Qd4+ 27. Kh1
Qxf4 0-1

[Event "Mayflower op"]
[Site "Halifax CAN"]
[Date "2022.07.30"]
[Round "2"]
[White "Rozentalis, Eduardas"]
[Black "Sullivan, Madoc"]
[Result "1-0"]
[WhiteElo "2608"]
[BlackElo "1664"]
[PlyCount "97"]
[EventDate "2022.07.29"]
[EventType "swiss"]
[EventRounds "6"]
[EventCountry "CAN"]

1. e4 e5 2. Nf3 Nc6 3. Bb5 Bc5 4. d3 d6 5. O-O Nf6 6. c3 O-O 7. Bg5 Bg4 8. h3
Bd7 9. Nbd2 Ne7 10. Bxd7 Nxd7 11. d4 Bb6 12. Nc4 f6 13. Bd2 Ng6 14. a4 a6 15.
Qb3 Kh8 16. a5 Ba7 17. Qxb7 Re8 18. Rfe1 Ndf8 19. d5 Nd7 20. Qb3 Nc5 21. Qc2
Qd7 22. b4 Nb7 23. Be3 Bxe3 24. Nxe3 Nf4 25. c4 c5 26. dxc6 Qxc6 27. Ra3 Rec8
28. Rc3 Rc7 29. Rd1 Rb8 30. Nd5 Nxd5 31. Rxd5 Rbc8 32. Nd2 g6 33. Nf1 Kg7 34.
Ne3 Nd8 35. Qd1 Nf7 36. Rc2 Qa4 37. Rb2 Qc6 38. b5 Qb7 39. b6 Rc5 40. Rbd2 R8c6
41. Rxc5 Rxc5 42. Rd5 Qc6 43. Rxc5 Qxc5 44. Qb3 Nd8 45. b7 Nxb7 46. Qxb7+ Kh6
47. Ng4+ Kg5 48. Qxh7 Qxc4 49. Qh6# 1-0

[Event "Mayflower op"]
[Site "Halifax CAN"]
[Date "2022.07.30"]
[Round "2"]
[White "Zhang, Michelle"]
[Black "Hambleton, Aman"]
[Result "0-1"]
[WhiteElo "1701"]
[BlackElo "2523"]
[PlyCount "80"]
[EventDate "2022.07.29"]
[EventType "swiss"]
[EventRounds "6"]
[EventCountry "CAN"]

1. e4 c5 2. Nf3 e6 3. d4 cxd4 4. Qxd4 Nc6 5. Qd1 Nf6 6. Bd3 Qc7 7. O-O Bc5 8.
Nc3 Ng4 9. g3 a6 10. Kg2 b5 11. Qe2 Bb7 12. h3 Nge5 13. Bf4 d6 14. Nxe5 Nxe5
15. Bxe5 dxe5 16. Qg4 f5 17. Qh5+ g6 18. Qe2 O-O 19. Kh2 Bd4 20. Rae1 f4 21.
Nd1 Kg7 22. Qg4 Qe7 23. c3 Bb6 24. h4 Rad8 25. Bc2 Rd2 26. Bb3 fxg3+ 27. Qxg3
Rf4 28. Kg2 h5 29. Kh3 Rg4 30. Qxg4 hxg4+ 31. Kxg4 Bd8 32. Rh1 Qf6 33. Kg3 Qf4+
34. Kg2 Bxe4+ 35. Rxe4 Qxe4+ 36. Kg1 Bxh4 37. Rh2 Rxd1+ 38. Bxd1 Qe1+ 39. Kg2
Qxf2+ 40. Kh3 Qg3# 0-1

[Event "Mayflower op"]
[Site "Halifax CAN"]
[Date "2022.07.30"]
[Round "3"]
[White "Hambleton, Aman"]
[Black "Duray, Elfred"]
[Result "1-0"]
[WhiteElo "2523"]
[BlackElo "1811"]
[PlyCount "77"]
[EventDate "2022.07.29"]
[EventType "swiss"]
[EventRounds "6"]
[EventCountry "CAN"]

1. d4 e6 2. Bf4 Nf6 3. e3 a6 4. Nd2 d5 5. Bd3 c5 6. c3 c4 7. Bc2 Bd6 8. Ngf3
Bxf4 9. exf4 Nc6 10. O-O O-O 11. Ne5 Qc7 12. Qf3 b5 13. Qh3 h6 14. g4 Nxe5 15.
fxe5 Nh7 16. f4 f5 17. gxf5 exf5 18. Rf3 a5 19. Rg3 Ra6 20. Nf1 Qf7 21. Ne3 g5
22. Qg2 Be6 23. fxg5 hxg5 24. Rf1 f4 25. Bxh7+ Kxh7 26. Rxg5 f3 27. Qg3 f2+ 28.
Rxf2 Qxf2+ 29. Qxf2 Rxf2 30. Kxf2 b4 31. Ng2 Kh6 32. h4 bxc3 33. bxc3 Rb6 34.
Nf4 Bf7 35. e6 Be8 36. Rg8 Rb2+ 37. Ke3 Bc6 38. e7 Rc2 39. Rg6+ 1-0

[Event "Mayflower op"]
[Site "Halifax CAN"]
[Date "2022.07.30"]
[Round "3"]
[White "Linik, Yaron"]
[Black "Brooks, Harrison"]
[Result "1-0"]
[WhiteElo "2128"]
[BlackElo "1483"]
[PlyCount "42"]
[EventDate "2022.07.29"]
[EventType "swiss"]
[EventRounds "6"]
[EventCountry "CAN"]

1. e4 c5 2. c3 d5 3. exd5 Qxd5 4. d4 cxd4 5. cxd4 Nc6 6. Nf3 Nf6 7. Nc3 Qd8 8.
d5 Nb8 9. Qb3 a6 10. Bg5 Nbd7 11. O-O-O g6 12. d6 e6 13. Nd5 exd5 14. Re1+ Be7
15. Rxe7+ Kf8 16. Qc3 d4 17. Qxd4 Kg7 18. Ne5 Qa5 19. Rxf7+ Kg8 20. Rxd7 Bxd7
21. Bc4+ Kf8 1-0

[Event "Mayflower op"]
[Site "Halifax CAN"]
[Date "2022.07.30"]
[Round "3"]
[White "Marchand, Calix"]
[Black "Rozentalis, Eduardas"]
[Result "0-1"]
[WhiteElo "1912"]
[BlackElo "2608"]
[PlyCount "76"]
[EventDate "2022.07.29"]
[EventType "swiss"]
[EventRounds "6"]
[EventCountry "CAN"]

1. e4 e6 2. d4 d5 3. exd5 exd5 4. Bd3 Nc6 5. c3 Bd6 6. Nf3 Bg4 7. O-O Nge7 8.
h3 Bh5 9. Re1 Qd7 10. Nbd2 O-O-O 11. Qc2 Bg6 12. b4 Bxd3 13. Qxd3 Qf5 14. Qxf5+
Nxf5 15. b5 Na5 16. g4 Ne7 17. Nb3 Nc4 18. Nfd2 Nxd2 19. Bxd2 Ng6 20. Be3 h5
21. g5 Nh4 22. Nd2 Rhe8 23. Kh1 Re6 24. c4 Bb4 25. Bf4 Rxe1+ 26. Rxe1 dxc4 27.
Re4 c3 28. Nb3 Nf5 29. d5 Bd6 30. Bc1 Ne7 31. Ra4 Nxd5 32. Rxa7 Nb6 33. Be3 Kb8
34. Bxb6 cxb6 35. Ra4 c2 36. Re4 Ba3 37. Rc4 Rc8 38. Rxc8+ Kxc8 0-1

[Event "Mayflower op"]
[Site "Halifax CAN"]
[Date "2022.07.31"]
[Round "4"]
[White "Kapra, Jerjis"]
[Black "Hambleton, Aman"]
[Result "0-1"]
[WhiteElo "2130"]
[BlackElo "2523"]
[PlyCount "92"]
[EventDate "2022.07.29"]
[EventType "swiss"]
[EventRounds "6"]
[EventCountry "CAN"]

1. e4 c5 2. Nc3 e6 3. Nge2 Nc6 4. g3 d5 5. exd5 exd5 6. d4 Bg4 7. Bg2 cxd4 8.
Nxd5 Nf6 9. Bg5 Qa5+ 10. Qd2 Qxd2+ 11. Bxd2 Nxd5 12. Bxd5 O-O-O 13. f3 Bf5 14.
Bxc6 bxc6 15. O-O-O c5 16. Nf4 h5 17. Rde1 Bd6 18. Nd3 f6 19. Bf4 Bf8 20. b3 g5
21. Bd2 Bd6 22. Nb2 Rde8 23. Nc4 Bc7 24. Ba5 Bb8 25. Rxe8+ Rxe8 26. Re1 Be6 27.
Nd2 f5 28. Nc4 f4 29. gxf4 Bxf4+ 30. Bd2 Bxh2 31. Rh1 Bxc4 32. Rxh2 Bf7 33.
Bxg5 Re1+ 34. Kb2 Kd7 35. Rd2 Ke6 36. c3 Kf5 37. f4 Ke4 38. b4 dxc3+ 39. Kxc3
Re3+ 40. Kb2 cxb4 41. Bd8 Rd3 42. Rxd3 Kxd3 43. Ba5 h4 44. f5 h3 45. Bc7 Bxa2
46. Kxa2 Kc2 0-1

[Event "Mayflower op"]
[Site "Halifax CAN"]
[Date "2022.07.31"]
[Round "4"]
[White "Li, Ande"]
[Black "Zhang, Brian"]
[Result "1-0"]
[WhiteElo "1633"]
[BlackElo "1838"]
[PlyCount "41"]
[EventDate "2022.07.29"]
[EventType "swiss"]
[EventRounds "6"]
[EventCountry "CAN"]

1. e4 c5 2. d4 cxd4 3. c3 dxc3 4. Nxc3 Nc6 5. Nf3 d6 6. Bc4 e6 7. Qe2 Nf6 8.
O-O a6 9. Rd1 Qc7 10. Bf4 Ne5 11. Bxe5 dxe5 12. Rac1 Bc5 13. b4 Bxb4 14. Nb5
Qb8 15. Nc7+ Ke7 16. Nxa8 Qxa8 17. Nxe5 b5 18. Bxb5 axb5 19. Rc7+ Kf8 20. Rd8+
Ne8 21. Rxf7+ 1-0

[Event "Mayflower op"]
[Site "Halifax CAN"]
[Date "2022.07.31"]
[Round "4"]
[White "Rozentalis, Eduardas"]
[Black "Ruelland, Geoffrey"]
[Result "1-0"]
[WhiteElo "2608"]
[BlackElo "2013"]
[PlyCount "113"]
[EventDate "2022.07.29"]
[EventType "swiss"]
[EventRounds "6"]
[EventCountry "CAN"]

1. e4 c5 2. Nf3 e6 3. c3 Nf6 4. e5 Nd5 5. Bc4 d6 6. O-O Be7 7. d4 cxd4 8. cxd4
Nc6 9. exd6 Qxd6 10. Nc3 Nxc3 11. bxc3 h6 12. Nd2 O-O 13. Qh5 f5 14. Nf3 Bd7
15. Re1 Rac8 16. a4 Rf6 17. Ne5 Be8 18. Qe2 Qd8 19. Nxc6 Rxc6 20. d5 Bh5 21.
Qa2 Rxc4 22. Qxc4 exd5 23. Qd4 Ra6 24. Bf4 Bf6 25. Be5 Bf7 26. Rab1 Bxe5 27.
Rxe5 Qd7 28. Rb4 b6 29. h3 Ra5 30. c4 Rxa4 31. cxd5 Rxb4 32. Qxb4 Bxd5 33. Qd4
Bc6 34. Qxd7 Bxd7 35. Re7 Bb5 36. Rxa7 Bc4 37. f4 Kh7 38. Kf2 Kg6 39. g3 h5 40.
h4 Kf6 41. Ke3 Bf1 42. Kd4 Be2 43. Ra2 Bf1 44. Rf2 Ba6 45. Rc2 Bf1 46. Rc6+ Kf7
47. Rxb6 Be2 48. Rb7+ Kf6 49. Rb3 Bd1 50. Rc3 Be2 51. Kd5 Bf1 52. Rc6+ Kf7 53.
Ke5 Bd3 54. Rc7+ Kg6 55. Ke6 Bb1 56. Ke7 Kh6 57. Kf8 1-0

[Event "Mayflower op"]
[Site "Halifax CAN"]
[Date "2022.08.01"]
[Round "5"]
[White "Dorrance, Adam"]
[Black "Rozentalis, Eduardas"]
[Result "1/2-1/2"]
[WhiteElo "2391"]
[BlackElo "2608"]
[PlyCount "76"]
[EventDate "2022.07.29"]
[EventType "swiss"]
[EventRounds "6"]
[EventCountry "CAN"]

1. d4 Nf6 2. c4 e6 3. g3 Bb4+ 4. Nd2 d5 5. Bg2 c6 6. Qc2 O-O 7. Ngf3 b6 8. a3
Be7 9. O-O a5 10. Rd1 Ba6 11. Ne5 Nfd7 12. Nd3 Ra7 13. b4 Nf6 14. Bb2 Nbd7 15.
e4 Bb7 16. Rac1 axb4 17. axb4 Qb8 18. Re1 dxe4 19. Nxe4 Nxe4 20. Bxe4 Nf6 21.
Bg2 Rd8 22. Qb3 b5 23. Nc5 bxc4 24. Qxc4 Nd5 25. Ra1 Rxa1 26. Rxa1 Bc8 27. Bc3
g6 28. Rb1 Bf6 29. Ne4 Bg7 30. Bd2 Qb6 31. Bg5 Rd7 32. b5 h6 33. Qxc6 hxg5 34.
Qxc8+ Rd8 35. Qc5 Bxd4 36. Qxb6 Bxb6 37. Nxg5 Nc3 38. Rf1 Rd4 1/2-1/2

[Event "Mayflower op"]
[Site "Halifax CAN"]
[Date "2022.08.01"]
[Round "5"]
[White "Hambleton, Aman"]
[Black "Ramirez-Orta, Juan"]
[Result "1-0"]
[WhiteElo "2523"]
[BlackElo "2024"]
[PlyCount "69"]
[EventDate "2022.07.29"]
[EventType "swiss"]
[EventRounds "6"]
[EventCountry "CAN"]

1. d4 Nf6 2. c4 e6 3. Nc3 d5 4. cxd5 exd5 5. Bg5 Be7 6. e3 Nbd7 7. Bd3 c6 8.
Qc2 O-O 9. Nge2 Re8 10. O-O h6 11. Bh4 Ne4 12. Bxe7 Qxe7 13. Rae1 Ndf6 14. f3
Nxc3 15. Nxc3 Be6 16. a3 Qd6 17. Qf2 Rad8 18. Rd1 b6 19. Bb1 a5 20. Rfe1 Qc7
21. h3 c5 22. Rd2 Rc8 23. Ba2 Red8 24. Red1 Qb7 25. Bb1 Qc6 26. e4 dxe4 27. d5
e3 28. Qxe3 Rxd5 29. Nxd5 Nxd5 30. Qe4 f5 31. Qe5 Nc7 32. Rd8+ Rxd8 33. Rxd8+
Ne8 34. Bxf5 Bf7 35. Bd7 1-0

[Event "Mayflower op"]
[Site "Halifax CAN"]
[Date "2022.08.01"]
[Round "6"]
[White "Creamer, Kyle"]
[Black "Dorrance, Adam"]
[Result "0-1"]
[WhiteElo "1755"]
[BlackElo "2391"]
[PlyCount "112"]
[EventDate "2022.07.29"]
[EventType "swiss"]
[EventRounds "6"]
[EventCountry "CAN"]

1. d4 d5 2. Bf4 Nf6 3. Nf3 c5 4. e3 Nc6 5. c3 Qb6 6. Qc1 Bf5 7. Nbd2 Rc8 8. Be2
h6 9. O-O e6 10. Ne5 Be7 11. Ndf3 O-O 12. Bd3 Bxd3 13. Nxd3 Ne4 14. Nde5 Qd8
15. h3 Ng5 16. Qd1 Nxf3+ 17. Qxf3 Nxe5 18. Bxe5 f6 19. Bh2 b5 20. Qg4 Qd7 21.
Rfe1 f5 22. Qe2 b4 23. Rec1 cxd4 24. cxd4 Qa4 25. b3 Qa3 26. Qd2 Qa6 27. Be5
Qb7 28. Rxc8 Rxc8 29. Rc1 Rc6 30. Rxc6 Qxc6 31. Kf1 a5 32. Ke1 a4 33. bxa4 Qxa4
34. Qb2 Qc6 35. Kd2 Qc4 36. Ke1 b3 37. Qxb3 Bb4+ 38. Kd1 Qf1+ 39. Kc2 Qxf2+ 40.
Kb1 Qe1+ 41. Kb2 Qd2+ 42. Kb1 Bc3 43. Bf4 Kh7 44. g4 g5 45. gxf5 exf5 46. Bg3
Kg6 47. a4 Qxe3 48. Qb5 Qe4+ 49. Kc1 Bxd4 50. Qc6+ Bf6 51. Qc8 Qe3+ 52. Kd1
Qxg3 53. Qe8+ Kg7 54. Qd7+ Kf8 55. Qc8+ Ke7 56. Qc5+ Qd6 0-1

[Event "Mayflower op"]
[Site "Halifax CAN"]
[Date "2022.08.01"]
[Round "6"]
[White "Rozentalis, Eduardas"]
[Black "Hambleton, Aman"]
[Result "1/2-1/2"]
[WhiteElo "2608"]
[BlackElo "2523"]
[PlyCount "75"]
[EventDate "2022.07.29"]
[EventType "swiss"]
[EventRounds "6"]
[EventCountry "CAN"]

1. e4 c5 2. Nf3 e6 3. g3 Nc6 4. Bg2 Nf6 5. d3 d6 6. O-O Be7 7. Re1 O-O 8. c3 e5
9. Na3 Re8 10. Nc4 Bf8 11. a4 h6 12. b3 Be6 13. Bb2 a6 14. Nfd2 b5 15. axb5
axb5 16. Rxa8 Qxa8 17. Nb6 Qa2 18. Qc2 Qa5 19. Nd5 Bxd5 20. exd5 Ne7 21. c4 Nf5
22. Ra1 Qb6 23. Nf3 Nd4 24. Nxd4 exd4 25. Bf1 Qb7 26. Bc1 b4 27. Qd1 Ra8 28.
Bf4 Rxa1 29. Qxa1 Qc8 30. Be2 Ng4 31. h3 Ne5 32. Bxe5 dxe5 33. Kg2 g6 34. Qa7
Qd8 35. Bf3 Bd6 36. g4 e4 37. Bxe4 Qf6 38. Qd7 1/2-1/2

[Event "Mayflower op"]
[Site "Halifax CAN"]
[Date "2022.08.01"]
[Round "6"]
[White "Zhang, Michelle"]
[Black "Manley, Jason"]
[Result "0-1"]
[WhiteElo "1701"]
[BlackElo "2214"]
[PlyCount "128"]
[EventDate "2022.07.29"]
[EventType "swiss"]
[EventRounds "6"]
[EventCountry "CAN"]

1. e4 e6 2. d4 d5 3. e5 c5 4. c3 Qb6 5. Nf3 Bd7 6. Be2 cxd4 7. cxd4 Bb5 8. O-O
Bxe2 9. Qxe2 Nc6 10. Be3 Nge7 11. Nc3 Nf5 12. Rfd1 Be7 13. Rac1 O-O 14. h3 f6
15. exf6 Bxf6 16. Qb5 Qxb5 17. Nxb5 Rac8 18. Kf1 a6 19. Nc3 Na5 20. b3 Be7 21.
Ne2 Ba3 22. Rxc8 Rxc8 23. Ne1 b5 24. Nf4 Kf7 25. Nfd3 Nc6 26. Nf3 Nxe3+ 27.
fxe3 Nb4 28. Nf4 Nxa2 29. Ng5+ Kf6 30. Nxh7+ Ke7 31. Ng5 Nc3 32. Ra1 b4 33.
Ngxe6 Ne4 34. Nxg7 Nd2+ 35. Ke2 Nxb3 36. Rb1 Nc1+ 37. Kd2 b3 38. Nxd5+ Kf7 39.
Nf5 Rc2+ 40. Kd1 Rxg2 41. Nc3 b2 42. d5 Bb4 43. Ne4 Na2 44. Nd4 Nc3+ 45. Nxc3
Bxc3 46. Ne2 Be5 47. Kd2 a5 48. Kd3 Rxe2 49. Kxe2 a4 50. Kd2 a3 51. Kc2 a2 52.
Rxb2 a1=Q 53. Rb7+ Kf8 54. d6 Qc3+ 55. Kb1 Qd3+ 56. Ka2 Qd5+ 57. Kb1 Qd3+ 58.
Ka2 Qd5+ 59. Kb1 Qxb7+ 60. Kc2 Qc6+ 61. Kb3 Bxd6 62. Ka2 Qb5 63. Ka1 Be5+ 64.
Ka2 Qb2# 0-1

[Event "Mercredi 2022.03.02 ABCDE"]
[Site "Montreal CAN"]
[Date "2022.03.02"]
[Round "1"]
[White "Bardyn, Renaud"]
[Black "Martel, Paul"]
[Result "1-0"]
[WhiteElo "1722"]
[BlackElo "1609"]
[PlyCount "87"]
[EventDate "2022.03.02"]
[EventType "tourn"]
[EventRounds "5"]
[EventCountry "CAN"]

1. e4 e6 2. d4 d5 3. Nd2 c5 4. c3 Nc6 5. Ne2 cxd4 6. Nxd4 Nxd4 7. cxd4 Ne7 8.
e5 Bd7 9. Bd3 Nc6 10. Nf3 Bb4+ 11. Bd2 Qa5 12. a3 Bxd2+ 13. Qxd2 Qxd2+ 14. Kxd2
Na5 15. Ke3 Nb3 16. Rad1 Rc8 17. Nd2 Nxd2 18. Rxd2 O-O 19. f4 Rc7 20. g4 Rfc8
21. f5 Rc1 22. Rhd1 Rxd1 23. Rxd1 a6 24. Rf1 exf5 25. gxf5 Rc6 26. h4 Rh6 27.
Rf4 Rb6 28. Rf2 Ba4 29. h5 Bd1 30. Rh2 Rh6 31. Be2 Bxe2 32. Kxe2 g6 33. f6 Rxh5
34. Rxh5 gxh5 35. Kf3 h6 36. Kf4 b6 37. Kf5 Kf8 38. b3 b5 39. b4 Kg8 40. Kf4
Kh7 41. Kg3 h4+ 42. Kxh4 Kg6 43. Kg4 h5+ 44. Kf4 1-0

[Event "Mercredi 2022.03.02 ABCDE"]
[Site "Montreal CAN"]
[Date "2022.03.02"]
[Round "1"]
[White "Barko, Maxim"]
[Black "Boudreau, Daniel"]
[Result "1-0"]
[WhiteElo "1945"]
[BlackElo "1944"]
[PlyCount "85"]
[EventDate "2022.03.02"]
[EventType "tourn"]
[EventRounds "5"]
[EventCountry "CAN"]

1. e4 c5 2. Nf3 e6 3. g3 g6 4. Bg2 Bg7 5. O-O Ne7 6. c3 Nbc6 7. Re1 O-O 8. Na3
d5 9. e5 d4 10. d3 h6 11. h4 a6 12. c4 Nf5 13. Bf4 Rb8 14. Qd2 Kh7 15. Rac1 Nb4
16. Nc2 a5 17. a3 Nc6 18. b4 axb4 19. axb4 b6 20. Rb1 Bd7 21. b5 Na5 22. Nh2 h5
23. Nf3 Bh6 24. Ng5+ Kg7 25. Bh3 Rh8 26. Qe2 Ne7 27. Qf3 Qe8 28. Ne4 Ng8 29.
Bg5 Bxg5 30. hxg5 Bc8 31. Kg2 Bb7 32. Kg1 h4 33. Bg4 Qe7 34. Qf4 Bxe4 35. Rxe4
Nb7 36. Ra1 Qd8 37. Bf3 hxg3 38. fxg3 Na5 39. Kg2 Nb3 40. Ra7 Qe8 41. Re1 Rd8
42. Bc6 Qf8 43. Rf1 1-0

[Event "Mercredi 2022.03.02 ABCDE"]
[Site "Montreal CAN"]
[Date "2022.03.02"]
[Round "1"]
[White "Chapdelaine, Gwyn"]
[Black "Destree, Frederic"]
[Result "1-0"]
[WhiteElo "1709"]
[BlackElo "1833"]
[PlyCount "83"]
[EventDate "2022.03.02"]
[EventType "tourn"]
[EventRounds "5"]
[EventCountry "CAN"]

1. d4 g6 2. Bf4 Bg7 3. e3 Nf6 4. Bd3 O-O 5. Nf3 d6 6. c4 Nbd7 7. O-O b6 8. Nc3
Bb7 9. Re1 Re8 10. d5 e5 11. Bg5 h6 12. Bxf6 Nxf6 13. Qc2 Qe7 14. e4 Nh7 15.
Rab1 Rf8 16. b4 Bc8 17. Na4 f5 18. c5 f4 19. cxb6 cxb6 20. Rbc1 Rf7 21. Nd2 Bd7
22. f3 Rc8 23. Qb3 Rff8 24. Nc3 g5 25. Nb5 Bxb5 26. Bxb5 Nf6 27. Rc6 Rxc6 28.
dxc6+ Kh7 29. Rc1 Ne8 30. Qd3 Nc7 31. Ba4 Kh8 32. b5 Rd8 33. Bb3 h5 34. a4 Bf8
35. Nc4 d5 36. exd5 Nxd5 37. Qg6 Qc5+ 38. Kh1 Rd6 39. Qxh5+ Rh6 40. Qxg5 Bg7
41. Re1 Qf2 42. Nxe5 1-0

[Event "Mercredi 2022.03.02 ABCDE"]
[Site "Montreal CAN"]
[Date "2022.03.02"]
[Round "1"]
[White "Di Matteo, Alessio"]
[Black "Jean, Robert"]
[Result "1-0"]
[WhiteElo "1766"]
[BlackElo "1785"]
[PlyCount "103"]
[EventDate "2022.03.02"]
[EventType "tourn"]
[EventRounds "5"]
[EventCountry "CAN"]

1. d4 Nf6 2. c4 e6 3. Nc3 Bb4 4. e3 O-O 5. Nge2 d5 6. cxd5 exd5 7. g3 Re8 8.
Bg2 c6 9. O-O Nbd7 10. Qc2 Nf8 11. a3 Ba5 12. b4 Bb6 13. a4 Bg4 14. f3 Bh5 15.
Nf4 Bg6 16. Nxg6 Nxg6 17. a5 Bc7 18. a6 bxa6 19. Rxa6 Bb6 20. Na4 Rc8 21. Bh3
Rb8 22. Qxc6 Ne7 23. Qc3 Rb7 24. Nxb6 axb6 25. b5 Rc7 26. Qd3 Nc8 27. Ba3 Nd6
28. Bxd6 Qxd6 29. Qa3 Qxa3 30. Rxa3 g6 31. Rf2 Rc1+ 32. Bf1 Kg7 33. Re2 Rb1 34.
Rc2 Re6 35. Kf2 h5 36. Rac3 g5 37. Rc6 g4 38. Rxe6 fxe6 39. Bd3 Rb3 40. Rc7+
Kf8 41. Bg6 Rb2+ 42. Kf1 gxf3 43. Rf7+ Kg8 44. Rxf6 Rxb5 45. Bxh5 Rb1+ 46. Kf2
Rb2+ 47. Kxf3 Rxh2 48. g4 b5 49. Rxe6 b4 50. Rb6 Rb2 51. Kf4 b3 52. Ke5 1-0

[Event "Mercredi 2022.03.02 ABCDE"]
[Site "Montreal CAN"]
[Date "2022.03.02"]
[Round "1"]
[White "Guindon, Alex"]
[Black "Shahabi, Shahab"]
[Result "1-0"]
[WhiteElo "1514"]
[BlackElo "1551"]
[PlyCount "137"]
[EventDate "2022.03.02"]
[EventType "tourn"]
[EventRounds "5"]
[EventCountry "CAN"]

1. d4 Nf6 2. Bf4 g6 3. e3 Bg7 4. Nf3 O-O 5. h3 Re8 6. Be2 b6 7. O-O Bb7 8. c3
d6 9. Re1 Nbd7 10. Nbd2 c5 11. Bh2 Ne4 12. Nxe4 Bxe4 13. Nd2 Bb7 14. Bf3 Bxf3
15. Nxf3 d5 16. Rc1 c4 17. e4 dxe4 18. Rxe4 Nf6 19. Re2 Nd5 20. Ne5 Bxe5 21.
Rxe5 e6 22. Qg4 h5 23. Qf3 Qf6 24. Qg3 Qg7 25. Rce1 Ne7 26. Qf3 Nd5 27. g4 Qf6
28. Qg3 h4 29. Qg2 Rad8 30. g5 Qh8 31. Qg4 Ne7 32. R5e4 Nf5 33. Be5 Qh7 34. Bf6
Rd7 35. Re5 Rc8 36. R1e4 Qh5 37. Qxh5 gxh5 38. g6 fxg6 39. Rxe6 Kf7 40. Bg5
Rcc7 41. R6e5 Rc6 42. Bxh4 Nxh4 43. Rxh4 a6 44. Rf4+ Rf6 45. Rxf6+ Kxf6 46. Kg2
g5 47. Kg3 Rd6 48. f4 gxf4+ 49. Kxf4 Kg6 50. h4 b5 51. Rg5+ Kh6 52. Kf5 a5 53.
Rg8 b4 54. Rh8+ Kg7 55. Rxh5 Rb6 56. Rg5+ Kh6 57. Kf4 Rf6+ 58. Rf5 Ra6 59. Rc5
bxc3 60. bxc3 Rf6+ 61. Kg4 Rf2 62. Rxa5 Rc2 63. Ra6+ Kg7 64. Ra3 Kg6 65. Kf4
Re2 66. Ra4 Kh5 67. Rxc4 Rxa2 68. Kg3 Ra1 69. Rc5+ 1-0

[Event "Mercredi 2022.03.02 ABCDE"]
[Site "Montreal CAN"]
[Date "2022.03.02"]
[Round "1"]
[White "Johnson-Constantin, Mathieu"]
[Black "Beaudry, Marc-Andre"]
[Result "1-0"]
[WhiteElo "2134"]
[BlackElo "2020"]
[PlyCount "53"]
[EventDate "2022.03.02"]
[EventType "tourn"]
[EventRounds "5"]
[EventCountry "CAN"]

1. e4 e6 2. d4 d5 3. Nc3 Bb4 4. e5 c5 5. a3 Bxc3+ 6. bxc3 Ne7 7. Rb1 b6 8. Qg4
O-O 9. Bg5 Qc7 10. Bd3 Ng6 11. Ne2 c4 12. Bxg6 fxg6 13. Ng3 Qf7 14. f3 Nc6 15.
h4 h6 16. Bd2 Bd7 17. h5 g5 18. O-O Kh8 19. f4 gxf4 20. Rxf4 Qe7 21. Ne2 Qxa3
22. Rbf1 Rf5 23. Rxf5 exf5 24. Qg6 Qf8 25. Nf4 Ne7 26. Qd6 Bc6 27. Qxe7 1-0